|
|
|
|
| LEADER |
01236nam#a2200373#a#4500 |
| 001 |
013996 |
| 003 |
AR-BeUNQ |
| 005 |
20250806164002.0 |
| 007 |
ta |
| 008 |
000106s1996####xxk#################eng#d |
| 999 |
|
|
|c 16368
|d 91755
|
| 020 |
|
|
|a 0582251648
|
| 040 |
|
|
|a AR-BeUNQ
|b spa
|c AR-BeUNQ
|e aacr
|
| 099 |
|
|
|a 21-B12
|
| 100 |
1 |
|
|a Benham, P P
|
| 245 |
1 |
0 |
|a Mechanics of engineering materials /
|c P. P. Benham, R. J. Crawford, C. G. Armstrong.
|
| 250 |
|
|
|a 2a. ed.
|
| 260 |
|
|
|a Harlow :
|b Longman,
|c 1996
|
| 300 |
|
|
|a xiii, 627 p.
|
| 594 |
|
|
|b ARQUITECTURA NAVAL
|c ESTABILIDAD I
|d 2007
|d 2021
|
| 594 |
|
|
|c ESTABILIDAD II
|d 2007
|
| 594 |
|
|
|a Martínez, Luis
|b ARQUITECTURA NAVAL
|c ESTABILIDAD I
|d 2025
|
| 594 |
|
|
|b INGENIERÍA EN AUTOMATIZACIÓN Y CONTROL INDUSTRIAL
|
| 650 |
|
7 |
|a Propiedades mecánicas
|2 spines
|
| 650 |
|
7 |
|a Análisis estructural mecánico
|2 spines
|
| 650 |
|
7 |
|a Tensión (Mecánica)
|2 spines
|
| 650 |
|
7 |
|a Mecánica
|2 spines
|
| 650 |
|
7 |
|a Presión
|2 spines
|
| 650 |
|
7 |
|a Ingeniería mecánica
|2 spines
|
| 700 |
1 |
|
|a Crawford, R J
|
| 700 |
1 |
|
|a Armstrong, C G
|
| 929 |
|
|
|a COMPRA
|b CPL
|c Exp. 827-0360/99
|d 63,25
|e 19991020
|j 27461
|
| 929 |
|
|
|a COMPRA
|b CPL
|c Exp. 827-0360/99
|d 63,25
|e 19991020
|j 27462
|
| 942 |
|
|
|c LIB
|n 0
|